[Event "Norway Chess Open GM 2025"]
[Site "Stavanger NOR"]
[Date "2025.05.31"]
[Round "8.18"]
[White "Southcott-Moyers, Indy"]
[Black "Eliseev, Sergey"]
[Result "1/2-1/2"]
[WhiteTitle "CM"]
[BlackTitle "FM"]
[WhiteElo "2292"]
[BlackElo "2254"]
[WhiteFideId "488542"]
[BlackFideId "1534734"]
[EventDate "2025.05.26"]

1. d4 Nf6 2. c4 e6 3. Nf3 d5 4. Nc3 Nbd7 5. Bf4 Bb4 6. cxd5 exd5 7. e3 Ne4 8.
Qc2 g5 9. Be5 Rg8 10. h3 Nxe5 11. Nxe5 Qe7 12. Bb5+ Kf8 13. Bd3 f6 14. Nf3 Bf5
15. Nd2 Bxc3 16. bxc3 Kg7 17. O-O Kh8 18. Bxe4 Bxe4 19. Nxe4 dxe4 20. f3 exf3
21. Rxf3 g4 22. hxg4 Rxg4 23. Raf1 Rag8 24. R1f2 Re4 25. Qd3 f5 26. Rxf5 Rxe3
27. Rf7 Re1+ 28. Rf1 Qxf7 29. Rxe1 Qxa2 30. Qf3 Qa6 31. Re7 Qh6 32. Rxc7 Qc1+
33. Qf1 Qe3+ 34. Qf2 Qc1+ 35. Qf1 Qe3+ 36. Qf2 1/2-1/2

[Event "Norway Chess Open GM 2025"]
[Site "Stavanger NOR"]
[Date "2025.05.31"]
[Round "8.19"]
[White "Grebennikov, Nikolai A."]
[Black "Poley, Vladimir"]
[Result "1-0"]
[WhiteTitle "CM"]
[BlackTitle "IM"]
[WhiteElo "2199"]
[BlackElo "2284"]
[WhiteFideId "4121988"]
[BlackFideId "13500090"]
[EventDate "2025.05.26"]

1. d4 g6 2. c4 Bg7 3. Nc3 d6 4. e4 e5 5. d5 a5 6. h4 h5 7. c5 Bh6 8. cxd6 cxd6
9. Nf3 Bxc1 10. Bb5+ Kf8 11. Rxc1 Nf6 12. Nd2 Nbd7 13. Na4 Kg7 14. O-O Ng4 15.
g3 Nb6 16. Nxb6 Qxb6 17. Qa4 Nf6 18. Kg2 Qd8 19. f4 Ng4 20. Nc4 f5 21. Qa3 fxe4
22. Nxd6 Rf8 23. fxe5 Rxf1 24. Rxf1 Nxe5 25. Ne8+ Kh7 26. Qf8 Bh3+ 27. Kxh3 Qc8+
28. Kg2 Qc2+ 29. Rf2 Rxe8 30. Bxe8 Qc7 31. Rf7+ Nxf7 32. Bxf7 Qc2+ 33. Kh3 Qxb2
34. Qg8+ 1-0

[Event "Norway Chess Open GM 2025"]
[Site "Stavanger NOR"]
[Date "2025.05.31"]
[Round "8.23"]
[White "Nechitaylo, Nikita"]
[Black "Vincenti, Leonardo"]
[Result "1/2-1/2"]
[WhiteTitle "FM"]
[BlackTitle "CM"]
[WhiteElo "2261"]
[BlackElo "2120"]
[WhiteFideId "34138161"]
[BlackFideId "28550820"]
[EventDate "2025.05.26"]

1. c4 e6 2. Nc3 d5 3. d4 Nf6 4. cxd5 exd5 5. Bg5 c6 6. e3 h6 7. Bh4 Be7 8. Bd3
O-O 9. Qc2 Ne8 10. Bxe7 Qxe7 11. Nge2 Nd6 12. O-O Nd7 13. Rfe1 Nf6 14. Ng3 h5
15. h3 g6 16. e4 dxe4 17. Ngxe4 Nfxe4 18. Nxe4 Nxe4 19. Bxe4 Qf6 20. d5 cxd5 21.
Bxd5 Bf5 22. Qb3 Rad8 23. Qxb7 Rd7 24. Qb3 Rfd8 25. Rad1 Kg7 26. Bf3 Rd3 27.
Rxd3 Rxd3 28. Qb5 Rd2 29. Re8 Rxb2 30. Qc5 Be6 31. a4 Kh7 32. Qf8 Ra2 33. Qg8+
Kh6 34. Qf8+ Kh7 35. Qg8+ Kh6 36. Qf8+ 1/2-1/2

[Event "Norway Chess Open GM 2025"]
[Site "Stavanger NOR"]
[Date "2025.05.31"]
[Round "8.24"]
[White "Krivenko, Dion"]
[Black "Avadhoot Lokesh Bhakti Brahme"]
[Result "1-0"]
[WhiteTitle "FM"]
[WhiteElo "2243"]
[BlackElo "2081"]
[WhiteFideId "4508378"]
[BlackFideId "33496463"]
[EventDate "2025.05.26"]

1. Nf3 c5 2. g3 Nc6 3. Bg2 g6 4. O-O Bg7 5. d3 e6 6. e4 Nge7 7. c3 O-O 8. Be3 b6
9. d4 cxd4 10. cxd4 d5 11. e5 Nf5 12. Bf4 a5 13. Nc3 Ba6 14. Re1 Nb4 15. Bf1
Bxf1 16. Rxf1 h6 17. h4 h5 18. Qd2 Qc8 19. a3 Nc6 20. Bg5 Qb8 21. Rac1 Rc8 22.
Ne2 a4 23. Qf4 Na5 24. g4 hxg4 25. Qxg4 Nb3 26. Rc3 Rxc3 27. bxc3 Qf8 28. h5
gxh5 29. Qxh5 Qxa3 30. Ng3 Ne7 31. Bf6 Kf8 32. Ng5 Ng6 33. Nxe6+ fxe6 34. Qxg6
Bxf6 35. Qxf6+ Ke8 36. Qxe6+ Qe7 1-0

[Event "Norway Chess Open GM 2025"]
[Site "Stavanger NOR"]
[Date "2025.05.31"]
[Round "8.30"]
[White "Strahl, Christian"]
[Black "Swarna Nihal"]
[Result "0-1"]
[WhiteElo "2059"]
[BlackElo "2228"]
[WhiteFideId "12955019"]
[BlackFideId "25683640"]
[EventDate "2025.05.26"]

1. e4 c5 2. Nf3 g6 3. c3 Bg7 4. d4 cxd4 5. cxd4 d5 6. exd5 Nf6 7. Bb5+ Bd7 8.
Bc4 O-O 9. Nc3 Qc7 10. Ne5 Ne8 11. Qe2 Nd6 12. Bd3 Bf5 13. Be3 Nd7 14. f4 Nb6
15. O-O Bxd3 16. Qxd3 Nf5 17. g4 Nxe3 18. Qxe3 Rad8 19. Rac1 Qd6 20. b3 Nxd5 21.
Nxd5 Qxd5 22. Rc7 Rfe8 23. Rd1 g5 24. Nf3 gxf4 25. Qxf4 e5 26. Qf5 e4 27. Qxd5
Rxd5 28. Re1 Rdd8 29. Ng5 Rxd4 30. Rxb7 e3 31. h3 e2 32. Rxf7 Rd1 33. Rxg7+ Kxg7
34. Kf2 Rxe1 35. Kxe1 Re3 0-1

[Event "Norway Chess Open GM 2025"]
[Site "Stavanger NOR"]
[Date "2025.05.31"]
[Round "8.26"]
[White "Abrahams, Daniel"]
[Black "Pang, Ethan"]
[Result "1/2-1/2"]
[WhiteTitle "CM"]
[BlackTitle "FM"]
[WhiteElo "2112"]
[BlackElo "2226"]
[WhiteFideId "2606879"]
[BlackFideId "496995"]
[EventDate "2025.05.26"]

1. d4 d5 2. c4 dxc4 3. Nf3 Nf6 4. e3 e6 5. Bxc4 c5 6. O-O Nc6 7. Nc3 a6 8. dxc5
Qxd1 9. Rxd1 Bxc5 10. Nd2 O-O 11. Nb3 Be7 12. e4 b5 13. Be2 Nd7 14. Be3 Rd8 15.
Rac1 Bb7 16. f3 Rac8 17. Kf2 Bf6 18. Rd2 Kf8 19. Rcd1 Ke8 20. f4 Bxc3 21. bxc3
Ne7 22. Bf3 f5 23. Na5 Ba8 24. exf5 Bxf3 25. gxf3 Nf8 26. Nb7 Rxd2+ 27. Rxd2
Nxf5 28. Nd6+ Nxd6 29. Rxd6 Rxc3 30. Rxa6 Rd3 31. Bc5 Kf7 32. Ke2 Rd5 33. Bxf8
Kxf8 34. Kf2 Kf7 35. a4 bxa4 36. Rxa4 Kf6 37. Kg3 Rd7 38. Ra5 1/2-1/2

[Event "Norway Chess Open GM 2025"]
[Site "Stavanger NOR"]
[Date "2025.05.31"]
[Round "8.34"]
[White "Follana Albelda, Lucia"]
[Black "Weller, Uli"]
[Result "0-1"]
[WhiteElo "2022"]
[BlackElo "2223"]
[WhiteFideId "24516937"]
[BlackFideId "12971782"]
[EventDate "2025.05.26"]

1. e4 c5 2. Nf3 d6 3. d4 cxd4 4. Nxd4 Nf6 5. Nc3 g6 6. f3 Bg7 7. Be3 O-O 8. Qd2
Nc6 9. g4 Be6 10. Nxe6 fxe6 11. O-O-O Ne5 12. Be2 Rc8 13. Nb5 Nc4 14. Bxc4 Rxc4
15. Nd4 Qd7 16. h4 Rfc8 17. c3 b5 18. Ne2 b4 19. Bd4 Qb7 20. h5 Nxe4 21. fxe4
Bxd4 22. Qd3 bxc3 23. b3 c2 24. Rd2 Qb4 0-1

[Event "Norway Chess Open GM 2025"]
[Site "Stavanger NOR"]
[Date "2025.05.31"]
[Round "8.27"]
[White "Costache, Andrei Eugeniu"]
[Black "Chernetskiy, Mykola"]
[Result "1-0"]
[BlackTitle "IM"]
[WhiteElo "1952"]
[BlackElo "2198"]
[WhiteFideId "42206057"]
[BlackFideId "14115999"]
[EventDate "2025.05.26"]

1. e4 e6 2. d4 d5 3. Nc3 Nf6 4. Bg5 Be7 5. e5 Nfd7 6. Bxe7 Qxe7 7. f4 Nb6 8. Nf3
a6 9. Be2 c5 10. O-O Nc6 11. Kh1 Bd7 12. a4 Na5 13. b3 Rc8 14. Qd2 O-O 15. Nd1
Nc6 16. a5 Na8 17. Ne3 Nc7 18. Ng4 Nxd4 19. Nxd4 cxd4 20. Rf3 Bb5 21. Rh3 f5 22.
exf6 gxf6 23. Bf3 Be8 24. Qxd4 Nb5 25. Qf2 Bg6 26. f5 exf5 27. Bxd5+ Kh8 28. Ne3
Qe5 29. Rf1 Rc7 30. Qh4 Nc3 31. Qh6 Qe8 32. Be6 Ne4 33. Bxf5 Rg8 34. Bxg6 Rxg6
35. Qf4 Rc3 36. Qh4 Ng5 37. Qd4 Rc6 38. Rg3 Re6 39. Nc4 Re1 40. Qf2 Re2 41. Qf5
Qe4 42. Qxe4 Nxe4 43. Rxg6 hxg6 44. Rc1 Kg7 45. Kg1 f5 46. Kf1 Rf2+ 47. Kg1 Re2
48. Kf1 Nc3 49. Nd6 Re7 50. Re1 Rd7 51. Re6 Nd5 52. Nc4 Kf7 53. Rd6 Rxd6 54.
Nxd6+ Ke7 55. Nxb7 Ne3+ 56. Ke2 Nxc2 57. Kd2 Nb4 58. Kc3 Nd5+ 59. Kd4 Nf4 60. g3
Ne2+ 61. Ke3 Nc3 62. Nc5 Nd5+ 63. Kd4 Nb4 64. Kc4 Nc6 65. b4 g5 66. Nxa6 Kd6 67.
Nc5 Ne5+ 68. Kd4 Nc6+ 69. Kc3 Na7 70. Kc4 Kc6 71. Ne6 f4 72. gxf4 gxf4 73. b5+
Nxb5 74. Nd4+ 1-0

[Event "Norway Chess Open GM 2025"]
[Site "Stavanger NOR"]
[Date "2025.05.31"]
[Round "8.31"]
[White "Ter-Avetisjana, Agnesa Stepania"]
[Black "Anatol, Luke Leon Robin"]
[Result "1-0"]
[WhiteTitle "WFM"]
[WhiteElo "2185"]
[BlackElo "2007"]
[WhiteFideId "11614900"]
[BlackFideId "39905500"]
[EventDate "2025.05.26"]

1. e4 c5 2. Nf3 Nc6 3. Bb5 d5 4. exd5 Qxd5 5. O-O Bg4 6. Nc3 Bxf3 7. Nxd5 Bxd1
8. Rxd1 Rc8 9. b3 e6 10. Ne3 Be7 11. Rb1 Nf6 12. Bb2 O-O 13. Bf1 Rfd8 14. g3 Ne8
15. a4 Bf6 16. Ba3 b6 17. Bg2 h5 18. f4 Nd6 19. Bb2 Bxb2 20. Rxb2 g6 21. d3 Nd4
22. Kf2 Kg7 23. Re1 Nc6 24. Bxc6 Rxc6 25. Nf1 a6 26. Nd2 b5 27. Nf3 bxa4 28.
bxa4 c4 29. Ne5 Rc7 30. Rb6 cxd3 31. cxd3 Nb7 32. Ke3 a5 33. Reb1 Nc5 34. Rc1 f6
35. d4 fxe5 36. dxc5 exf4+ 37. gxf4 Kf6 38. Ra6 Rb8 39. Rc3 Rb2 40. h3 Rh2 41.
Kd4 Rf2 42. Ke4 Re2+ 43. Kf3 Rh2 44. Kg3 Rb2 45. Rxa5 Ra2 46. c6 Ra1 47. Rc4
Ra3+ 48. Kh4 Rd3 49. Rb5 Rd6 50. Rbc5 Rd3 51. a5 Ra3 52. Rb5 Ke7 53. Rg5 Kf6 54.
Rgc5 Kf7 55. Rc3 Ra4 56. Kg5 Ra2 57. Rg3 Ra4 58. Kh6 Rxf4 59. Rxg6 Kf8 60. Rxe6
Kf7 61. Rg6 Kf8 62. a6 Rff7 63. Rb5 Rh7+ 64. Kg5 1-0

[Event "Norway Chess Open GM 2025"]
[Site "Stavanger NOR"]
[Date "2025.05.31"]
[Round "8.41"]
[White "Pivi, Mauro"]
[Black "Rouda Essa, Alserkal"]
[Result "0-1"]
[BlackTitle "WGM"]
[WhiteElo "1997"]
[BlackElo "2147"]
[WhiteFideId "312105193"]
[BlackFideId "9314318"]
[EventDate "2025.05.26"]

1. e4 c5 2. Nf3 d6 3. d4 cxd4 4. Qxd4 Nc6 5. Bb5 Bd7 6. Bxc6 bxc6 7. c4 e5 8.
Qd3 Be7 9. c5 Qc7 10. Nc3 dxc5 11. O-O Nf6 12. Bg5 Be6 13. Rac1 c4 14. Qc2 h6
15. Be3 Qa5 16. h3 O-O 17. Nd2 Rab8 18. Na4 Rb4 19. b3 cxb3 20. axb3 Bxb3 21.
Nxb3 Qxa4 22. Nc5 Qb5 23. f3 Rb2 24. Qc3 Bd6 25. Rfd1 Qe2 26. Rd2 Rxd2 27. Qxd2
Qxd2 28. Bxd2 Rb8 29. Nd3 Rb3 30. Bc3 Nd7 31. Kf1 a5 32. Ke2 a4 33. Kd2 a3 34.
Rc2 f6 35. Nc1 Rb1 36. Ba5 Nc5 37. Kc3 Kf7 38. Na2 Nb3 39. Bb4 Nd4 40. Rd2 c5
41. Ba5 Rb5 42. Bd8 Ke8 43. Kc4 Kxd8 44. Rxd4 cxd4 45. Kxb5 d3 46. Kc4 d2 47.
Nc3 a2 0-1

[Event "Norway Chess Open GM 2025"]
[Site "Stavanger NOR"]
[Date "2025.05.31"]
[Round "8.32"]
[White "Maurstad, Astor Moe"]
[Black "Liu, Tianyi (Jack)"]
[Result "1/2-1/2"]
[WhiteElo "1933"]
[BlackElo "2112"]
[WhiteFideId "1576640"]
[BlackFideId "8627894"]
[EventDate "2025.05.26"]

1. d4 Nf6 2. c4 e6 3. Nc3 Bb4 4. f3 c5 5. d5 b5 6. e4 d6 7. Ne2 bxc4 8. Nf4 e5
9. Ne2 Nbd7 10. g4 Nb6 11. Ng3 h5 12. Bg5 hxg4 13. fxg4 Qe7 14. h4 Bd7 15. Be2
O-O-O 16. Rf1 Qf8 17. h5 Re8 18. Bxf6 gxf6 19. Nf5 Bxf5 20. Rxf5 Qh6 21. Qd2 Na4
22. Rb1 Reg8 23. Bd1 Nb6 24. Qxh6 Rxh6 25. Kd2 Rg5 26. Rf2 f5 27. Rxf5 Rxf5 28.
gxf5 Nd7 29. Be2 Nf6 30. Ke3 Bxc3 31. bxc3 Kc7 32. a4 Rh7 33. Rh1 Kb6 34. Bd1 1/2-1/2

[Event "Norway Chess Open GM 2025"]
[Site "Stavanger NOR"]
[Date "2025.05.31"]
[Round "8.42"]
[White "Lewandrowski, Tomasz"]
[Black "Elsness, Fredrik Valstad"]
[Result "0-1"]
[WhiteElo "1979"]
[BlackElo "2111"]
[WhiteFideId "1154753"]
[BlackFideId "1567829"]
[EventDate "2025.05.26"]

1. d4 Nf6 2. Nc3 d5 3. Bf4 c5 4. e4 Nxe4 5. Nxe4 dxe4 6. dxc5 Qxd1+ 7. Rxd1 Nc6
8. Bb5 f6 9. Ne2 e5 10. Be3 Be6 11. a3 Kf7 12. b4 Be7 13. h3 f5 14. g4 g6 15.
gxf5 gxf5 16. Bc1 Rad8 17. Rxd8 Rxd8 18. Bb2 Bf6 19. Ba4 e3 20. Bc1 exf2+ 21.
Kxf2 Bh4+ 22. Kg1 f4 23. Nc3 Rg8+ 0-1

[Event "Norway Chess Open GM 2025"]
[Site "Stavanger NOR"]
[Date "2025.05.31"]
[Round "8.35"]
[White "Wiger-Nordas, Felix"]
[Black "Beisteiner, Joachim"]
[Result "1/2-1/2"]
[WhiteElo "1924"]
[BlackElo "2109"]
[WhiteFideId "1557203"]
[BlackFideId "1682296"]
[EventDate "2025.05.26"]

1. e4 c6 2. Nf3 d5 3. d3 Qc7 4. exd5 cxd5 5. g3 Nf6 6. Bg2 e6 7. d4 Nc6 8. c3
Bd6 9. O-O O-O 10. a4 Bd7 11. Na3 a6 12. Be3 Rfc8 13. Nd2 Na5 14. Bg5 Ne8 15.
Nc2 b5 16. axb5 h6 17. Be3 axb5 18. Qe2 Nc4 19. Nxc4 bxc4 20. Rxa8 Rxa8 21. Ra1
Rxa1+ 22. Nxa1 Qa5 23. Qe1 Qa2 24. Qc1 Ba4 25. Nc2 Nf6 26. h3 Bf8 27. Kh2 Bb3
28. Na1 Ba4 29. Nc2 Nd7 30. Bf3 Bxc2 31. Qxc2 Nb6 32. Bd1 Bd6 33. Kg2 Nc8 34. b3
Qxc2 35. Bxc2 Nb6 36. bxc4 Nxc4 37. Bd3 f5 38. g4 fxg4 39. hxg4 Nxe3+ 1/2-1/2

[Event "Norway Chess Open GM 2025"]
[Site "Stavanger NOR"]
[Date "2025.05.31"]
[Round "8.33"]
[White "Simonsen, David Mindestrommen"]
[Black "Pintor, Simao"]
[Result "1-0"]
[WhiteElo "2104"]
[BlackElo "2021"]
[WhiteFideId "1565672"]
[BlackFideId "1904787"]
[EventDate "2025.05.26"]

1. e4 c5 2. Nf3 Nc6 3. Bb5 g6 4. O-O Bg7 5. Re1 Nf6 6. e5 Nd5 7. Nc3 Nc7 8. Bxc6
dxc6 9. Ne4 Ne6 10. d3 O-O 11. Be3 b6 12. Qd2 Re8 13. Bh6 Bh8 14. Neg5 f6 15.
Nxe6 Bxe6 16. Qf4 Qd7 17. h4 Bg4 18. Nh2 Be6 19. Qg3 Rad8 20. h5 Kf7 21. Nf3 Bd5
22. c4 Be6 23. Qf4 Kg8 24. Re3 Bg4 25. Nh2 Bf5 26. g4 Be6 27. Rae1 gxh5 28. gxh5
Kf7 29. Nf3 Kg8 30. Kh1 Rf8 31. exf6 Bxf6 32. Bxf8 Rxf8 33. Rxe6 Qxd3 34. Rg1+
Kh8 35. Ng5 h6 36. Nf7+ Rxf7 37. Qb8+ 1-0

[Event "Norway Chess Open GM 2025"]
[Site "Stavanger NOR"]
[Date "2025.05.31"]
[Round "8.15"]
[White "Guretchii, Kirill"]
[Black "Sivaparan, Isai"]
[Result "1-0"]
[WhiteElo "2094"]
[BlackElo "1997"]
[WhiteFideId "13911872"]
[BlackFideId "1585002"]
[EventDate "2025.05.26"]

1. d4 Nf6 2. c4 e6 3. Nf3 b6 4. g3 Bb7 5. Bg2 Be7 6. O-O O-O 7. Nc3 Ne4 8. Bd2
Bf6 9. d5 Nxc3 10. Bxc3 Bxc3 11. bxc3 d6 12. dxe6 fxe6 13. Qd2 Qe7 14. Rfe1 Nd7
15. e4 Rf6 16. Re3 Raf8 17. Rf1 Qe8 18. Qc2 Qh5 19. Nd2 Ne5 20. h3 g5 21. a3 Qf7
22. f3 a5 23. Rf2 Qh5 24. Qb3 Qh6 25. g4 Ng6 26. c5 Nf4 27. cxd6 Qh4 28. Nf1 Ba6
29. dxc7 Nxg2 30. Kxg2 Rh6 31. f4 Bb7 32. Qc4 b5 33. Qd4 gxf4 34. Ref3 Qg5 35.
Qd6 e5 36. Qc5 Qf6 37. Nd2 Rg6 38. Qxb5 Ba6 39. Qxa5 h5 40. Qd5+ Kh8 41. Kh1
hxg4 42. hxg4 Rh6+ 43. Rh2 Rxh2+ 44. Kxh2 Kg7 45. Rh3 Bc8 46. Kg1 Bxg4 47. Rh2
f3 48. Qc5 Qg5 49. Kf1 Bh3+ 50. Ke1 Bg4 51. Qf2 Rh8 52. Rxh8 Kxh8 53. Kd1 Qe7
54. Nxf3 Qxa3 55. Qh4+ Kg8 56. Qxg4+ 1-0

[Event "Norway Chess Open GM 2025"]
[Site "Stavanger NOR"]
[Date "2025.05.31"]
[Round "8.36"]
[White "Stranz, Richard"]
[Black "Muller, Maxime"]
[Result "1/2-1/2"]
[WhiteTitle "FM"]
[WhiteElo "2075"]
[BlackElo "2023"]
[WhiteFideId "1600818"]
[BlackFideId "26088533"]
[EventDate "2025.05.26"]

1. e4 e5 2. Nf3 Nf6 3. Nxe5 d6 4. Nc4 Nxe4 5. Qe2 Qe7 6. Ne3 c6 7. b3 Qe5 8. c3
g6 9. Bb2 Be6 10. g3 Bg7 11. f4 Qa5 12. Nc4 Bxc4 13. bxc4 O-O 14. Qxe4 Nd7 15.
Be2 Rfe8 16. Qf3 Re6 17. Kd1 Rae8 18. Bd3 Nc5 19. Na3 Na4 20. Kc2 Nxb2 21. Kxb2
Qb4+ 22. Kc2 Qxa3 23. Rhb1 Qa4+ 24. Rb3 Re1 25. Kb2 Rxa1 26. Kxa1 Qa5 27. Kb2
Qc7 28. Kc2 a6 29. f5 Qe7 30. h4 Bf6 31. fxg6 fxg6 32. h5 Kg7 33. Rb1 Bg5 34.
hxg6 hxg6 35. Rf1 Qe6 36. Rf2 Bf6 37. Re2 Qf7 38. Re4 Rxe4 39. Qxe4 Be7 40. Qd4+
Bf6 41. Qxd6 Qe7 42. Qf4 Qe6 43. Qc7+ Qe7 44. Qc8 Bg5 45. Qg4 Qf6 46. Qe4 Qf7
47. a4 Qf6 48. a5 Qd6 49. Qe8 Qf6 50. Qd7+ Qe7 51. Qd4+ Qf6 52. Qe4 Qf7 53. Qe5+
Qf6 54. Qc7+ Qe7 1/2-1/2

[Event "Norway Chess Open GM 2025"]
[Site "Stavanger NOR"]
[Date "2025.05.31"]
[Round "8.37"]
[White "Amundsen, Ask"]
[Black "Machin, Guillaume"]
[Result "1-0"]
[BlackTitle "CM"]
[WhiteElo "2009"]
[BlackElo "2069"]
[WhiteFideId "1528726"]
[BlackFideId "616648"]
[EventDate "2025.05.26"]

1. e4 e6 2. d4 d5 3. Bd3 dxe4 4. Bxe4 Nf6 5. Bf3 c5 6. Ne2 Nc6 7. Be3 cxd4 8.
Nxd4 Ne5 9. Nc3 a6 10. O-O Be7 11. Qe2 Nxf3+ 12. Qxf3 O-O 13. Rad1 Qc7 14. Rfe1
Bd7 15. Bf4 Qb6 16. Be5 Ne8 17. Nf5 Bf6 18. Nh6+ gxh6 19. Bxf6 Nxf6 20. Qxf6 Qd8
21. Ne4 1-0

[Event "Norway Chess Open GM 2025"]
[Site "Stavanger NOR"]
[Date "2025.05.31"]
[Round "8.38"]
[White "Azikri, Gur"]
[Black "Hetland, Even"]
[Result "1-0"]
[WhiteElo "1982"]
[BlackElo "2025"]
[WhiteFideId "2812738"]
[BlackFideId "1555995"]
[EventDate "2025.05.26"]

1. Nf3 Nf6 2. c4 c5 3. Nc3 Nc6 4. e3 g6 5. d4 cxd4 6. exd4 d5 7. cxd5 Nxd5 8.
Qb3 Nxc3 9. Bc4 e6 10. bxc3 Bg7 11. Ba3 Bf8 12. Bxf8 Kxf8 13. h4 Kg7 14. Be2 Qf6
15. h5 Rd8 16. Rd1 b6 17. Qb2 Bb7 18. Qc1 Kg8 19. hxg6 hxg6 20. Qh6 Qg7 21. Qf4
e5 22. dxe5 Rxd1+ 23. Kxd1 Re8 24. Bc4 Na5 1-0

[Event "Norway Chess Open GM 2025"]
[Site "Stavanger NOR"]
[Date "2025.05.31"]
[Round "8.39"]
[White "Zepeda Berlanga, Jan Enrique"]
[Black "Gouanelle, Franck"]
[Result "0-1"]
[WhiteTitle "CM"]
[WhiteElo "1941"]
[BlackElo "2024"]
[WhiteFideId "5132355"]
[BlackFideId "627542"]
[EventDate "2025.05.26"]

1. e4 e6 2. d4 d5 3. Nc3 Bb4 4. e5 b6 5. a3 Bf8 6. f4 Ne7 7. Nf3 Qd7 8. b4 Nbc6
9. Bd3 Bb7 10. O-O O-O-O 11. b5 Na5 12. Ng5 Nf5 13. g4 Nxd4 14. Be3 c5 15. f5
Kb8 16. Bxd4 cxd4 17. fxe6 fxe6 18. Ne2 Re8 19. Nf7 Rg8 20. Bxh7 Bc5 21. Nxd4
Rgf8 22. Bg6 Nc4 23. Qd3 Re7 24. Ng5 Rxf1+ 25. Kxf1 Nxe5 26. Nc6+ Bxc6 27. bxc6
Qd6 28. Ne4 dxe4 29. Qxd6+ Bxd6 30. Bxe4 Rf7+ 31. Ke1 Rf4 32. Bg2 Rxg4 33. Kf2
Bc5+ 34. Kf1 Kc7 35. a4 Rf4+ 36. Ke1 Rf2 0-1